| 000 | 00761cam a22002651 4500 | ||
|---|---|---|---|
| 001 | 1692703 | ||
| 003 | NUST - PNEC | ||
| 005 | 20170116181020.0 | ||
| 008 | 790416m19531954nyua b 000 0 eng | ||
| 010 | _a 53008869 | ||
| 020 | _a0471066915 | ||
| 040 |
_aDLC _cLIBRARY _dDLC |
||
| 050 | 0 | 0 |
_aQA913 _b.S497 |
| 082 | 0 | 0 | _a532.5 SHA |
| 100 | 1 | _aShapiro, Ascher H. | |
| 245 | 1 | 4 | _aThe dynamics and thermodynamics of compressible fluid flow vol.I |
| 260 |
_aNew York, _bRonald Press Co. _c[1953-54] |
||
| 300 |
_a2 v. _billus. _c24 cm. |
||
| 504 | _aIncludes bibliography. | ||
| 650 | 0 | _aFluid dynamics. | |
| 650 | 0 |
_aThermodynamics. _xME |
|
| 740 | _aCompressible fluid flow. | ||
| 906 |
_a7 _bcbc _corignew _du _eocip _f19 _gy-gencatlg |
||
| 942 |
_2ddc _cBK |
||
| 999 |
_c67384 _d67384 |
||